| 000 | 00460nam a2200157Ia 4500 | ||
|---|---|---|---|
| 008 | 210716s2014 xx 000 0 und d | ||
| 020 | _a9789351194026 | ||
| 041 | _aeng | ||
| 082 | _a621.3821 BINT | ||
| 100 | _aBinkley Jones, Timothy; Benoit, Adam; Perga, Massimo; Sync, Michael. | ||
| 245 | _aWindows phone 8 in action. | ||
| 250 | _a1 | ||
| 260 |
_aNew Delhi _bDreamtech Press _c2014 |
||
| 300 | _axxi,473 | ||
| 650 | _aCommunication Network Architecture | ||
| 999 |
_c194557 _d194557 |
||